Africa: Geography and more by Letter B - Statistics

General Stats
  • This quiz has been taken 143 times
    134 since last reset
  • The average score is 10 of 20
Answer Stats
Hint Answer % Correct
Countries beginning with B Benin
94%
Botswana
94%
Burundi
90%
Burkina Faso
84%
Capitals beginning with B Bamako
71%
Banjul
67%
Bangui
65%
Big City in Libya Benghazi
61%
Brazzaville
58%
Bloemfontein
57%
Bujumbura
50%
What Alexandria was famous for Bibliotheca
49%
Bissau
49%
Speech-family spoken by over 400 ethnic groups in South- and Middleafrica Bantu
37%
First Cardiac surgeon - coming from South Africa - to transplant a heart Christiaan Barnard
26%
Nomadic desert dweller in parts of Sahara (and parts of Asia) Bedouins
22%
Secretary-General of the UN from Egypt Boutros Boutros-Ghali
18%
Marathonrunner from Ethiopia, winning the first olympic medal ever for Afrika 1960 running barefoot, and winning Gold four years later Abebe Bikila
9%
Big City in Cote d'Ivory Bouaké
6%
Famous Palace in Marrakesh, Morocco Bahia
4%
No matching quizzes found
Score Distribution
Percent of People with Each Score
Percentile by Number Answered
Your Score History
You have not taken this quiz since the last reset